Estructura económica costarricense ligada al agro

Uloženo v:
Podrobná bibliografie
Hlavní autor: Valverde Obando, Luis Alberto
Médium: Text
Vydáno: San José: Ministerio de educación Pública
Tagy: Přidat tag
Žádné tagy, Buďte první, kdo vytvoří štítek k tomuto záznamu!

MARC

LEADER 00000 a a2200000 04500
001 13950
003
040 |a CRAI/IIS  |c CRAI/IIS 
090 |a 024200  
100 |a Valverde Obando, Luis Alberto  
245 |a Estructura económica costarricense ligada al agro  
260 |a San José:   |b Ministerio de educación Pública  
300 |a 14 p.  
999 |c 3691  |d 3691